| 000 | 00490nam a2200181Ia 4500 | ||
|---|---|---|---|
| 005 | 20250423095444.0 | ||
| 008 | 250422s9999 xx 000 0 und d | ||
| 020 | _a9780134292380 | ||
| 050 | _aTC 160 .H68/ | ||
| 100 | _aHoughtalen, Robert J. | ||
| 245 | 0 | _aFundamentals of hydraulic engineering systems | |
| 250 | _a5th ed. | ||
| 260 | _aNew Jersey | ||
| 260 | _bPearsons Publishers, Inc. | ||
| 260 | _c2017 | ||
| 650 | _a Hydraulics. Hydraulic engineering. | ||
| 942 | _cBK | ||
| 999 |
_c30329 _d30329 |
||